Genshin Impact Characters - Statistics

General Stats
  • This quiz has been taken 76 times
  • The average score is 75 of 94
Answer Stats
Answer % Correct
Jean
91%
Mavuika
91%
Neuvillette
91%
Furina
89%
Kinich
89%
Klee
89%
Nahida
89%
Xiao
89%
Zhongli
89%
Amber
87%
Ganyu
87%
Tighnari
87%
Venti
87%
Yae Miko
87%
Albedo
85%
Arataki Itto
85%
Citlali
85%
Cyno
85%
Diluc
85%
Freminet
85%
Qiqi
85%
Raiden Shogun
85%
Wriothesley
85%
Arlecchino
83%
Beidou
83%
Dehya
83%
Hu Tao
83%
Kaeya
83%
Kamisato Ayaka
83%
Lan Yan
83%
Ningguang
83%
Noelle
83%
Shenhe
83%
Traveller
83%
Alhaitham
81%
Barbara
81%
Bennett
81%
Chasca
81%
Diona
81%
Eula
81%
Gaming
81%
Kaedehara Kazuha
81%
Kamisato Ayato
81%
Lynette
81%
Lyney
81%
Mona
81%
Mualani
81%
Xianyun
81%
Xilonen
81%
Aloy
79%
Charlotte
79%
Chongyun
79%
Collei
79%
Emilie
79%
Gorou
79%
Kachina
79%
Navia
79%
Nilou
79%
Sayu
79%
Xiangling
79%
Baizhu
77%
Candace
77%
Clorinde
77%
Fischl
77%
Kaveh
77%
Keqing
77%
Kirara
77%
Ororon
77%
Shikanoin Heizou
77%
Sucrose
77%
Yaoyao
77%
Yelan
77%
Faruzan
74%
Lisa
74%
Rosaria
74%
Sangonomiya Kokomi
74%
Wanderer
74%
Yoimiya
74%
Chiori
72%
Layla
72%
Mika
72%
Tartaglia
72%
Thoma
72%
Xingqiu
72%
Xinyan
72%
Yanfei
72%
Yumemizuki Mizuki
72%
Chevreuse
70%
Kuki Shinobu
70%
Sethos
70%
Yun Jin
70%
Kujou Sara
68%
Razor
68%
Sigewinne
57%
No matching quizzes found
Score Distribution
Percent of People with Each Score
Percentile by Number Answered
Your Score History
You have not taken this quiz